[Event "ICS rated blitz match"]
[Site "207.99.5.190"]
[Date "1999.03.07"]
[Round "?"]
[White "ComputoJon"]
[Black "Hossa"]
[Result "1-0"]
[WhiteElo "2236"]
[BlackElo "2371"]
[Annotator "Crafty v16.5"]
[PlyCount "62"]

{annotating for player Hossa using a scoring margin of +0.10 pawns. search
time limit is 20.00} 1. e4 1... e5 2. Nf3 Nc6 3. d4 exd4 4. Nxd4 Bc5 5. Nxc6
Qf6 6. Qd2 Qxc6 7. Bd3 Nf6 8. O-O O-O 9. Nc3 Bb4 10. Qf4 Bxc3 11. bxc3 Re8 ({
9:+0.54} 11... Re8 12. Bb2 Nxe4 13. Rfe1 d5 14. c4 Be6 15. Bxe4 dxe4 16. Rxe4
$15) ({9:+0.74} 11... Qxc3 12. Bd2 Qc5 13. e5 Nd5 14. Qf5 g6 15. Qe4 15... d6
$17) 12. Re1 Qxc3 13. Bd2 Qe5 14. Qh4 d6 15. Rab1 Kh8 ({8:+0.81} 15... Kh8 16.
Rb5 c5 17. Qf4 Kg8 18. Qxe5 Rxe5 19. Bf4 19... Re6 $17) ({8:+1.08} 15... Rb8
16. Bg5 Nd7 17. Bf4 Qa5 18. Ra1 Qc5 19. Qg5 $17) 16. Rb5 Qe6 17. Bc3 c6 18. Rg5
Qe7 19. Rxg7 Kxg7 20. Qg5+ Kf8 21. Bxf6 Qxf6 22. Qxf6 Be6 23. f4 Kg8 24. Re3 d5
25. e5 h5 26. Rg3+ Bg4 27. Bf5 Rad8 28. Bxg4 Kf8 29. Bxh5 Rd7 30. Rg7 Ree7 31.
Rh7 Ke8 1-0

[Event "ICS rated blitz match"]
[Site "207.99.5.190"]
[Date "1999.03.07"]
[Round "?"]
[White "claudi"]
[Black "Hossa"]
[Result "0-1"]
[WhiteElo "2268"]
[BlackElo "2349"]
[PlyCount "54"]

1. d4 Nf6 2. Nf3 e6 3. Bf4 Bb4+ 4. c3 Be7 5. Nbd2 Nh5 6. Be3 f5 7. g3 Na6 8.
Bg2 O-O 9. Qc2 f4 10. gxf4 Nxf4 11. Bxf4 Rxf4 12. O-O-O c5 13. e3 Rf5 14. Rdf1
Qa5 15. Kb1 Kh8 16. Ne5 cxd4 17. exd4 Rf8 18. Be4 d6 19. Nd3 Nb8 20. f4 Nc6 21.
h4 Qb5 22. Nf3 d5 23. Bxh7 Kxh7 24. Ng5+ Kg8 25. Ne5 Rf5 26. Ng6 Qc4 27. h5
27... Bxg5 {claudi resigns} 0-1

[Event "ICS rated blitz match"]
[Site "207.99.5.190"]
[Date "1999.03.07"]
[Round "?"]
[White "Hossa"]
[Black "TDChess"]
[Result "0-1"]
[WhiteElo "2361"]
[BlackElo "2556"]
[Annotator "Crafty v16.5"]
[PlyCount "144"]

{annotating for player Hossa using a scoring margin of +0.10 pawns. search
time limit is 20.00} 1. e4 1... d5 2. exd5 Qxd5 3. Nc3 Qe6+ 4. Be2 Qg6 5. Bf3
Nc6 6. Nb5 Kd8 7. d3 Ne5 8. Be4 f5 9. Bf3 Bd7 10. Nd4 Kc8 11. g3 Qa6 12. Bg2
Ng4 13. f3 ({8:-0.07} 13. f3 13... Qa5+ 14. Bd2 Qc5 15. Nge2 e5 16. b4 Qd6 17.
Nb3 $10) ({8:+0.07} 13. Ngf3 13... N8f6 14. O-O e5 15. Nb3 e4 16. Ng5 16... Qc6
$10) 13... N4f6 14. Bh3 ({9:-0.13} 14. Bh3 14... e6 15. Nge2 Bc5 16. Rf1 Ne7
17. Bf4 Qa5+ 18. c3 18... Kd8 $10) ({9:-0.01} 14. Nge2 14... e5 15. Nb3 Qb6 16.
Nc3 Bc5 17. Rf1 Ne7 18. Bg5 $10) 14... g6 15. Qe2 ({8:-0.42} 15. Qe2 15... Bg7
16. Qe5 Nh5 17. Qc5 e5 18. Nb3 18... Qe6 $15) ({8:-0.03} 15. Nge2 15... Nh6 16.
Nb3 Bg7 17. O-O Qe6 18. Bxh6 Bxh6 19. Bg2 $10) 15... Kd8 16. Bf4 Bh6 17. Bxh6
Nxh6 18. Qe5 Nf7 19. Qc5 Ng5 20. f4 Ne6 21. Nxe6+ Bxe6 22. Nf3 Bxa2 23. O-O Re8
24. Rfe1 Nd7 25. Qe3 Nb8 26. Bg2 c6 27. Ng5 Nd7 28. Nxh7 Kc7 29. Qd4 Qb6 30.
Qxb6+ axb6 31. b3 Kd6 32. Ng5 e6 33. d4 b5 34. Re3 Nf8 35. Re5 Nd7 36. Re2 Nf8
37. Nf3 Ke7 38. Ne5 Kd6 39. Bf3 Ra3 40. Bh1 Rea8 41. Re3 Kc7 42. Bg2 Rd8 43.
Re2 b4 44. Rd2 Raa8 45. Rdd1 Ra6 46. Bf1 Ra5 47. Be2 Ra3 48. Rd2 Rda8 49. Bf1
Bxb3 50. Rb1 Bd5 51. Rxb4 Ra2 52. Kf2 Be4 53. Bd3 Bxd3 54. Nxd3 R8a5 55. Re2
R5a4 56. h4 b5 57. Rxa4 bxa4 58. Ne5 a3 59. Nc4 Nd7 60. Kf3 Ra1 61. c3 a2 62.
Rf2 Nf6 63. d5 cxd5 64. Na3 Ne4 65. c4 Nxf2 66. Kxf2 Rc1 67. cxd5 a1=Q 68. Nb5+
Kb7 69. Nd6+ Ka6 70. Ke3 Rc2 71. Nb5 Qe1+ 72. Kf3 Qe4# 0-1

[Event "ICS rated blitz match"]
[Site "207.99.5.190"]
[Date "1999.03.07"]
[Round "?"]
[White "Ponster"]
[Black "Hossa"]
[Result "0-1"]
[WhiteElo "2245"]
[BlackElo "2353"]
[PlyCount "38"]

1. d4 Nf6 2. Nf3 e6 3. Bg5 Bb4+ 4. c3 Be7 5. Nbd2 O-O 6. e4 d5 7. Bd3 dxe4 8.
Nxe4 Nxe4 9. Bxe7 Qxe7 10. Bxe4 Nd7 11. h4 Nf6 12. Bd3 Bd7 13. g4 e5 14. Qe2
Bxg4 15. dxe5 Bxf3 16. Qxf3 Qxe5+ 17. Kd2 Rad8 18. Kc2 Qd5 19. Rad1 19... Qxf3
{Ponster resigns} 0-1

[Event "ICS rated blitz match"]
[Site "207.99.5.190"]
[Date "1999.03.07"]
[Round "?"]
[White "Hossa"]
[Black "Ponster"]
[Result "1-0"]
[WhiteElo "2354"]
[BlackElo "2153"]
[PlyCount "56"]

1. e4 c5 2. Bc4 d6 3. Nf3 Nc6 4. O-O Nf6 5. d3 g6 6. Ng5 e6 7. Bb5 Bd7 8. Nc3
Bg7 9. Nf3 O-O 10. Bg5 a6 11. Bxc6 Bxc6 12. e5 dxe5 13. Nxe5 Qc7 14. Nxc6 Qxc6
15. Qd2 h5 16. Bh6 Qc7 17. Bxg7 Kxg7 18. Qg5 Ng4 19. Qh4 Qb6 20. Na4 Qb4 21. b3
b5 22. c3 Qa3 23. Nb6 Ra7 24. h3 Ne5 25. d4 cxd4 26. Qxd4 f6 27. Nc4 Rd7 28.
Qxd7+ 28... Nxd7 {Ponster resigns} 1-0

[Event "ICS rated blitz match"]
[Site "207.99.5.190"]
[Date "1999.03.07"]
[Round "?"]
[White "Hossa"]
[Black "ComputoJon"]
[Result "1/2-1/2"]
[WhiteElo "2355"]
[BlackElo "2258"]
[PlyCount "146"]

1. e4 c5 2. Bc4 e6 3. Nc3 a6 4. d3 Nc6 5. Nf3 d6 6. O-O g6 7. d4 cxd4 8. Nxd4
Bg7 9. Nxc6 bxc6 10. Qd3 Ne7 11. Rd1 d5 12. Bg5 Qc7 13. exd5 cxd5 14. Bb3 O-O
15. Qh3 Nf5 16. Rd3 Bb7 17. Re1 Nd4 18. Bh6 Nxb3 19. axb3 Rac8 20. Bxg7 Kxg7
21. Qh4 Qd8 22. Qb4 Qc7 23. Rh3 Ba8 24. Qh4 h5 25. Rhe3 Rfe8 26. Ra1 Bb7 27.
Rd1 Qd8 28. Qf4 Qf6 29. Qxf6+ Kxf6 30. Rd4 Rc7 31. f4 Kg7 32. Kf2 Rd8 33. b4
Rb8 34. Re1 Bc6 35. Ke3 Rcb7 36. Ra1 Bb5 37. Nxb5 axb5 38. Re1 Kf6 39. h4 Rc8
40. c3 Ra7 41. Rd2 Rca8 42. Rde2 Ra1 43. Kd4 R8a2 44. Rxa1 Rxa1 45. Kc5 Kf5 46.
Kxb5 Kxf4 47. Rf2+ Kg3 48. Rxf7 Kxg2 49. Rg7 Kg3 50. Rxg6+ Kxh4 51. Rxe6 Kg3
52. Re3+ Kf4 53. Rd3 Ke4 54. Rd4+ Kf3 55. Rxd5 h4 56. Rd2 h3 57. Kc5 Rg1 58. b3
Rg2 59. Rd3+ Kg4 60. c4 Rg3 61. Rd4+ Kg5 62. Kc6 h2 63. Rd5+ Kg4 64. Rd1 Rg1
65. Rd4+ Kg5 66. Rd5+ Kg4 67. Rd4+ Kg5 68. Rd5+ Kh4 69. Rd4+ Rg4 70. Rd1 Rg1
71. Rd4+ Rg4 72. Rd1 Rg1 73. Rd4+ 73... Rg4 {Game drawn by repetition} 1/2-1/2

[Event "ICS rated blitz match"]
[Site "207.99.5.190"]
[Date "1999.03.07"]
[Round "?"]
[White "Hossa"]
[Black "Speedy"]
[Result "1-0"]
[WhiteElo "2351"]
[BlackElo "2322"]
[PlyCount "67"]

1. e4 c5 2. Bc4 a6 3. Nc3 b5 4. Bxf7+ Kxf7 5. Qh5+ g6 6. Qd5+ Kg7 7. Qxa8 Nc6
8. Nd1 Qc7 9. Ne3 e6 10. b3 Nf6 11. Bb2 Bb7 12. Bxf6+ Kxf6 13. Qe8 Bg7 14. Qxh8
Bxh8 15. Nh3 Nd4 16. c3 Nc6 17. f4 Ke7 18. f5 Ne5 19. Nf2 d5 20. O-O dxe4 21.
fxg6 hxg6 22. a4 b4 23. cxb4 cxb4 24. Rac1 Qd6 25. Rfd1 Nd3 26. Nxd3 exd3 27.
Re1 Bd4 28. Kh1 e5 29. h4 Qe6 30. Rc7+ Kd8 31. Rxb7 Qxb3 32. Ng4 Qd5 33. Rxb4
Qd7 34. Nxe5 {Speedy resigns} 1-0

[Event "ICS rated blitz match"]
[Site "207.99.5.190"]
[Date "1999.03.07"]
[Round "?"]
[White "Hossa"]
[Black "Speedy"]
[Result "1-0"]
[WhiteElo "2366"]
[BlackElo "2307"]
[PlyCount "73"]

1. e4 c5 2. Bc4 a6 3. Nc3 b5 4. Bxf7+ Kxf7 5. Qh5+ g6 6. Qd5+ e6 7. Qxa8 Nc6 8.
Nf3 Bg7 9. O-O Qc7 10. d3 Bb7 11. Bf4 d6 12. Bxd6 Qd7 13. Ng5+ Kf6 14. Nxh7+
Kf7 15. Nf8 Qxd6 16. Qxb7+ Nge7 17. h3 Kxf8 18. Qxa6 b4 19. Nd1 g5 20. a3 g4
21. axb4 gxh3 22. gxh3 Bd4 23. Kg2 Qf4 24. Re1 Rg8+ 25. Kf1 Qf3 26. bxc5 Rg2
27. Qa8+ Kf7 28. Re2 Qxh3 29. Ke1 Qf3 30. Ra4 Bxc5 31. Qh8 Rg1+ 32. Kd2 Qf4+
33. Ne3 Ng6 34. Qh7+ Kf6 35. e5+ Qxe5 36. Ng4+ Kf5 37. Qh5# {Speedy checkmated}
1-0

[Event "ICS rated blitz match"]
[Site "207.99.5.190"]
[Date "1999.03.07"]
[Round "?"]
[White "Hossa"]
[Black "Speedy"]
[Result "1-0"]
[WhiteElo "2391"]
[BlackElo "2282"]
[PlyCount "87"]

1. e4 c5 2. Bc4 e6 3. Nc3 a6 4. d3 b5 5. Bb3 g6 6. Nf3 Bb7 7. O-O Bg7 8. e5 Ne7
9. Bd2 O-O 10. Bg5 Nbc6 11. Qe2 d5 12. exd6 Qxd6 13. Ne4 Qc7 14. Bf6 Nd4 15.
Nxd4 cxd4 16. Bxg7 Kxg7 17. Rae1 Rac8 18. Qd2 a5 19. c4 dxc3 20. Nxc3 b4 21.
Nb5 Qb6 22. Bc4 Bd5 23. Rc1 Rc5 24. Nd4 Rfc8 25. Nb3 R5c7 26. Qe3 Qxe3 27. fxe3
Bxc4 28. Rxc4 Rxc4 29. dxc4 a4 30. Nd2 Nf5 31. Kf2 Rd8 32. Ke2 Nd6 33. c5 Nb5
34. Rf4 a3 35. Rxb4 Nc7 36. b3 Nd5 37. Rc4 f5 38. Nb1 Ra8 39. Nc3 Nf6 40. b4
Kf7 41. b5 Ke7 42. Ra4 Rc8 43. Ra7+ Kd8 44. c6 {Speedy resigns} 1-0

[Event "ICS rated blitz match"]
[Site "207.99.5.190"]
[Date "1999.03.07"]
[Round "?"]
[White "stinky"]
[Black "Hossa"]
[Result "0-1"]
[WhiteElo "2257"]
[BlackElo "2402"]
[PlyCount "20"]

1. e4 c5 2. Nf3 Nf6 3. Nc3 Nc6 4. g3 e5 5. Bg2 Be7 6. O-O O-O 7. Re1 d6 8. Nd5
Nxd5 9. exd5 Nb4 10. c4 10... Bf5 {stinky resigns} 0-1

[Event "ICS rated blitz match"]
[Site "207.99.5.190"]
[Date "1999.03.07"]
[Round "?"]
[White "Disintegration"]
[Black "Hossa"]
[Result "0-1"]
[WhiteElo "2159"]
[BlackElo "2412"]
[PlyCount "47"]

1. e4 e5 2. Nf3 Nc6 3. d4 exd4 4. Bc4 Bb4+ 5. c3 dxc3 6. O-O cxb2 7. Bxb2 Nf6
8. e5 Ng4 9. h3 Nh6 10. e6 O-O 11. exf7+ Nxf7 12. Nc3 d6 13. Nd5 Ba5 14. Qb3
Nb8 15. h4 c6 16. Nf4 d5 17. Rad1 dxc4 18. Qxc4 Qb6 19. Rb1 Bf5 20. Bxg7 Bxb1
21. Bxf8 Kxf8 22. Ne6+ Ke7 23. Nc5 Nd8 24. Qe4+ {Disintegration resigns} 0-1

[Event "ICS rated blitz match"]
[Site "207.99.5.190"]
[Date "1999.03.07"]
[Round "?"]
[White "Hossa"]
[Black "Isfen"]
[Result "1-0"]
[WhiteElo "2418"]
[BlackElo "2276"]
[PlyCount "33"]

1. e4 e5 2. Nf3 d6 3. Be2 Nd7 4. O-O Be7 5. d4 Ngf6 6. dxe5 dxe5 7. Nc3 O-O 8.
Bg5 c6 9. Qd2 Qc7 10. Rad1 b5 11. Nh4 Re8 12. Nf5 Bb4 13. Bxf6 Nxf6 14. Nxg7
Kxg7 15. Qg5+ Kf8 16. Qxf6 Be7 17. Qh8# {Isfen checkmated} 1-0

[Event "ICS rated blitz match"]
[Site "207.99.5.190"]
[Date "1999.03.07"]
[Round "?"]
[White "Isfen"]
[Black "Hossa"]
[Result "0-1"]
[WhiteElo "2266"]
[BlackElo "2428"]
[PlyCount "68"]

1. d4 Nf6 2. e3 e6 3. Nf3 Be7 4. Bd3 O-O 5. O-O d5 6. Nbd2 Nc6 7. c3 Bd7 8. Qe2
Qc8 9. e4 dxe4 10. Nxe4 Nd5 11. Re1 Rd8 12. a3 Na5 13. Ng3 Nb3 14. Rb1 Nxc1 15.
Rbxc1 Bd6 16. Ne5 Nf4 17. Qg4 Bxe5 18. dxe5 Nxd3 19. Nh5 g6 20. Nf6+ Kf8 21.
Nxh7+ Kg7 22. Re3 Nxc1 23. Qg5 Bc6 24. Qf6+ Kg8 25. h3 Rd1+ 26. Kh2 Qd8 27. Rg3
Nd3 28. Rg4 Qd5 29. Qh4 Qxe5+ 30. f4 Qe3 31. Nf6+ Kg7 32. Qh7+ Kxf6 33. Rh4
Qg1+ 34. Kg3 34... Qxg2# {Isfen checkmated} 0-1

[Event "ICS rated blitz match"]
[Site "207.99.5.190"]
[Date "1999.03.07"]
[Round "?"]
[White "Hossa"]
[Black "Isfen"]
[Result "1-0"]
[WhiteElo "2437"]
[BlackElo "2257"]
[PlyCount "95"]

1. e4 e5 2. Nf3 d6 3. Be2 Nd7 4. O-O c6 5. Nc3 Be7 6. d4 Qc7 7. d5 Ngf6 8. dxc6
bxc6 9. b3 O-O 10. Be3 h6 11. Ne1 Re8 12. Qd3 Nf8 13. Rd1 Ng6 14. Qc4 Be6 15.
Nd5 Nxd5 16. exd5 Bd7 17. dxc6 Qxc6 18. Qxc6 Bxc6 19. c4 a5 20. Bf3 e4 21. Be2
f5 22. Bh5 Kh7 23. Nc2 Red8 24. Nd4 Bd7 25. Bxg6+ Kxg6 26. Nb5 Bxb5 27. cxb5 d5
28. a4 Bf6 29. Bb6 Rd7 30. Bd4 f4 31. Bxf6 Kxf6 32. Rd4 Ke5 33. Rfd1 g5 34. Kf1
Rc8 35. g3 Rc3 36. b4 axb4 37. Rxb4 d4 38. b6 Rc8 39. Rb5+ Rd5 40. Rxd5+ Kxd5
41. a5 d3 42. a6 Kc6 43. b7 Rd8 44. Rc1+ Kb6 45. Rc8 d2 46. b8=Q+ Ka5 47. Rc5+
Ka4 48. Qb5+ {Isfen resigns} 1-0

[Event "ICS rated blitz match"]
[Site "207.99.5.190"]
[Date "1999.03.07"]
[Round "?"]
[White "Isfen"]
[Black "Hossa"]
[Result "0-1"]
[WhiteElo "2249"]
[BlackElo "2445"]
[PlyCount "96"]

1. d4 Nf6 2. Nf3 e6 3. e3 Be7 4. Bd3 O-O 5. O-O d5 6. Nbd2 Nc6 7. c3 b6 8. Qe2
Qd7 9. Re1 Bb7 10. e4 Rae8 11. e5 Nh5 12. Nf1 g6 13. Bh6 Ng7 14. Ng3 Rd8 15.
Bd2 Nf5 16. Bxf5 exf5 17. Qe3 Rfe8 18. Qf4 Bf8 19. Qh4 b5 20. a3 Na5 21. Bh6
Be7 22. Bg5 Nb3 23. Rad1 c5 24. Rd3 Bxg5 25. Nxg5 f6 26. Nf3 g5 27. Nxg5 fxg5
28. Qxg5+ Qg7 29. Qxf5 Bc8 30. Qh5 Bg4 31. Qh4 Qg6 32. Rde3 cxd4 33. cxd4 Nxd4
34. h3 Nc2 35. hxg4 Nxe3 36. Rxe3 Rc8 37. Nf5 Rc1+ 38. Kh2 Rc7 39. Nd4 Rc4 40.
Nxb5 Rxg4 41. Qh3 Rg5 42. Kg1 Qb1+ 43. Kh2 Qxb2 44. Qd7 Rexe5 45. Qd8+ Kg7 46.
Re1 Qxf2 47. Qd7+ Kg6 48. Qd6+ 48... Kh5 {Isfen resigns} 0-1

[Event "ICS rated blitz match"]
[Site "207.99.5.190"]
[Date "1999.03.07"]
[Round "?"]
[White "Hossa"]
[Black "ComputoJon"]
[Result "1-0"]
[WhiteElo "2453"]
[BlackElo "2272"]
[PlyCount "35"]

1. e4 c5 2. Bc4 e6 3. Nc3 a6 4. d3 Nc6 5. Nf3 d6 6. O-O Nge7 7. Bf4 Qc7 8. a3
Ng6 9. Bg5 h6 10. Be3 Be7 11. d4 cxd4 12. Nxd4 Nxd4 13. Qxd4 Bf6 14. Bb5+ Ke7
15. Qa4 Rd8 16. Rab1 Kf8 17. Bd2 Bd4 18. Qxd4 {ComputoJon resigns} 1-0

[Event "ICS rated blitz match"]
[Site "207.99.5.190"]
[Date "1999.03.07"]
[Round "?"]
[White "ComputoJon"]
[Black "Hossa"]
[Result "1-0"]
[WhiteElo "2264"]
[BlackElo "2461"]
[Annotator "Crafty v16.5"]
[PlyCount "41"]

{annotating for player Hossa using a scoring margin of +0.10 pawns. search
time limit is 20.00} 1. e4 1... c5 2. c3 e5 3. Nf3 Qe7 4. Bc4 Nc6 5. O-O d6 6.
d4 Bd7 ({8:-1.09} 6... Bd7 7. d5 Na5 8. Be2 Rc8 9. Bg5 Nf6 10. Nbd2 $16) ({
8:-0.68} 6... exd4 7. cxd4 Bd7 8. Nc3 O-O-O 9. Ng5 Nh6 10. Nd5 10... Qe8 $14)
7. Re1 cxd4 ({8:-0.70} 7... cxd4 8. cxd4 Nf6 9. Nc3 Bg4 10. dxe5 Nxe5 11. Be2
O-O-O 12. Bf4 $14) ({8:-0.38} 7... O-O-O 8. Be3 exd4 9. cxd4 Bg4 10. dxc5 dxc5
11. Bd5 Nf6 12. Nc3 $14) 8. cxd4 Rc8 9. Bb3 Bg4 ({8:-0.81} 9... Bg4 10. dxe5
dxe5 11. Nc3 Nf6 12. Bg5 Qd8 13. Qxd8+ Rxd8 14. Bxf6 gxf6 15. Re3 $16) ({
8:-0.64} 9... Nf6 10. Ng5 Nxd4 11. Bxf7+ Kd8 12. Bb3 Bg4 13. f3 Nxb3 14. axb3
$14) 10. Be3 exd4 11. Bxd4 Bxf3 12. gxf3 Nxd4 13. Qxd4 Qg5+ 14. Kh1 Qh5 ({
9:-1.59} 14... Qh5 15. e5 Qxf3+ 16. Kg1 Qh5 17. exd6+ Kd8 18. Rd1 Rc1 19. Rxc1
Qg5+ 20. Kh1 $18) ({9:-0.37} 14... Qc5 15. Qxc5 Rxc5 16. Nc3 Nf6 17. Rad1 Ke7
18. Kg1 Rg5+ 19. Kf1 19... Rc5 $14) 15. Qd3 Ne7 16. Nc3 a6 17. e5 dxe5 18. Rad1
Qh3 19. Rxe5 b5 20. Nxb5 Rc6 21. Qd8# 1-0

[Event "ICS rated blitz match"]
[Site "207.99.5.190"]
[Date "1999.03.07"]
[Round "?"]
[White "Hossa"]
[Black "TDChess"]
[Result "1/2-1/2"]
[WhiteElo "2437"]
[BlackElo "2571"]
[PlyCount "61"]

1. e4 d5 2. exd5 Qxd5 3. Nc3 Qe6+ 4. Be2 Qg6 5. Bf3 Nc6 6. Nb5 Kd8 7. d3 Ne5 8.
Be4 f5 9. Bf3 Bd7 10. Nd4 Kc8 11. g3 Qa6 12. Bg2 Ng4 13. Ngf3 e5 14. Ne2 Bd6
15. O-O N8f6 16. Ng5 Re8 17. Nc3 Bc5 18. a3 h6 19. Nh3 Bc6 20. Bxc6 Qxc6 21.
Re1 Kd7 22. Bd2 Ke7 23. b4 Nxf2 24. Nxf2 Bxf2+ 25. Kxf2 Ng4+ 26. Kg1 Qb6+ 27.
Kh1 Qc6+ 28. Kg1 Qb6+ 29. Kh1 Qc6+ 30. Kg1 Qb6+ 31. Kh1 {
Game drawn by repetition} 1/2-1/2

[Event "ICS rated blitz match"]
[Site "207.99.5.190"]
[Date "1999.03.07"]
[Round "?"]
[White "Hossa"]
[Black "RM"]
[Result "1-0"]
[WhiteElo "2462"]
[BlackElo "2221"]
[PlyCount "37"]

1. e4 d6 2. Bb5+ c6 3. Be2 Nf6 4. Nc3 g6 5. Nf3 Bg7 6. d4 O-O 7. O-O b5 8. e5
dxe5 9. dxe5 Ng4 10. Qxd8 Rxd8 11. Bg5 Kf8 12. Bf4 Nd7 13. Rad1 Bb7 14. Ng5
Ngxe5 15. Nxh7+ Kg8 16. Ng5 Nc5 17. Nce4 Nxe4 18. Nxe4 Nd7 19. Bc7 {RM resigns}
1-0

[Event "ICS rated blitz match"]
[Site "207.99.5.190"]
[Date "1999.03.07"]
[Round "?"]
[White "Hossa"]
[Black "blunite"]
[Result "1-0"]
[WhiteElo "2466"]
[BlackElo "2276"]
[PlyCount "65"]

1. e4 e5 2. Nf3 Nc6 3. Bb5 a6 4. Ba4 Nf6 5. O-O b5 6. Bb3 Be7 7. Bd5 O-O 8. Re1
Bc5 9. a4 Rb8 10. axb5 axb5 11. d3 Nxd5 12. exd5 Nd4 13. Rxe5 d6 14. Re4 f5 15.
Rxd4 Bxd4 16. Nxd4 Qh4 17. Nc6 Rb7 18. Qe2 Bd7 19. Qe7 Qxe7 20. Nxe7+ Kh8 21.
Nc3 b4 22. Ne2 Re8 23. Bg5 h6 24. Bh4 g5 25. Nf4 gxh4 26. Neg6+ Kg7 27. Nxh4 c6
28. dxc6 Bxc6 29. Nxf5+ Kf6 30. Nxd6 Rbe7 31. Nxe8+ Rxe8 32. f3 Kf5 33. Nh5 {
blunite resigns} 1-0

[Event "ICS rated blitz match"]
[Site "207.99.5.190"]
[Date "1999.03.07"]
[Round "?"]
[White "blunite"]
[Black "Hossa"]
[Result "0-1"]
[WhiteElo "2268"]
[BlackElo "2474"]
[PlyCount "46"]

1. e4 c5 2. Nf3 Nf6 3. d4 Nxe4 4. Bd3 d5 5. c4 cxd4 6. O-O Nc6 7. Re1 Nc5 8.
cxd5 Nxd3 9. Qxd3 Qxd5 10. Nc3 Qf5 11. Ne4 e5 12. Bd2 Be7 13. Qb5 a6 14. Qd5
O-O 15. Ng3 Qc2 16. Rac1 Qxb2 17. Rxc6 bxc6 18. Qxe5 Bf6 19. Qh5 Qxa2 20. Ne4
Be7 21. Nfg5 Bf5 22. Bf4 Rae8 23. g4 23... Bg6 {blunite resigns} 0-1

[Event "ICS rated blitz match"]
[Site "207.99.5.190"]
[Date "1999.03.07"]
[Round "?"]
[White "blunite"]
[Black "Hossa"]
[Result "1/2-1/2"]
[WhiteElo "2254"]
[BlackElo "2488"]
[PlyCount "96"]

1. e4 e5 2. Nf3 Nc6 3. Bc4 Bc5 4. Nc3 Nf6 5. a3 O-O 6. d3 d6 7. O-O Be6 8. Bg5
Bxc4 9. dxc4 Nb8 10. Nd5 Nbd7 11. Nh4 Re8 12. Qf3 Re6 13. Nf5 c6 14. Nxf6+ Nxf6
15. Rad1 Rb8 16. b4 Bb6 17. c5 Bc7 18. cxd6 Bxd6 19. c4 Qf8 20. c5 Bc7 21. Rd3
Rd8 22. Rfd1 Rxd3 23. Rxd3 Qe8 24. h3 Kh8 25. g4 Nd7 26. Qd1 Nf6 27. Bxf6 Rxf6
28. Rd7 Qc8 29. Kg2 g6 30. g5 Re6 31. Nh6 f6 32. h4 a5 33. Rf7 fxg5 34. hxg5
Re8 35. Qd7 Qxd7 36. Rxd7 Rc8 37. Kg3 axb4 38. axb4 b6 39. Kh4 bxc5 40. bxc5
Ba5 41. Ng4 Kg8 42. Nf6+ Kf8 43. Nxh7+ Kg8 44. Nf6+ Kf8 45. Rh7 Rc7 46. Rh8+
Kf7 47. Rh7+ Kf8 48. Rh8+ 48... Kf7 {Game drawn by mutual agreement} 1/2-1/2

[Event "ICS rated blitz match"]
[Site "207.99.5.190"]
[Date "1999.03.07"]
[Round "?"]
[White "blunite"]
[Black "Hossa"]
[Result "0-1"]
[WhiteElo "2256"]
[BlackElo "2486"]
[PlyCount "68"]

1. e4 e5 2. Nf3 Nc6 3. Bc4 Bc5 4. Nc3 Nf6 5. a3 O-O 6. d3 d6 7. O-O Be6 8. Bg5
Bxc4 9. dxc4 Nb8 10. Nd5 Nbd7 11. Nh4 Re8 12. Qf3 Re6 13. Nf5 c6 14. Nxf6+ Nxf6
15. b4 Bb6 16. Rad1 Qf8 17. Rd3 a5 18. Rfd1 axb4 19. axb4 Bc7 20. h3 Ra4 21. c3
Ra2 22. g4 Ra8 23. Bh4 Ra2 24. g5 Ne8 25. Bg3 f6 26. h4 fxg5 27. hxg5 Rg6 28.
Qe3 Bd8 29. f4 exf4 30. Bxf4 Bxg5 31. Bxg5 Qf6 32. R3d2 Rxg5+ 33. Kf1 Rxd2 34.
Rxd2 34... g6 {blunite resigns} 0-1

[Event "ICS rated blitz match"]
[Site "207.99.5.190"]
[Date "1999.03.07"]
[Round "?"]
[White "Hossa"]
[Black "blunite"]
[Result "1-0"]
[WhiteElo "2493"]
[BlackElo "2249"]
[PlyCount "51"]

1. e4 e5 2. Nf3 Nc6 3. Bb5 a6 4. Ba4 Nf6 5. O-O b5 6. Bb3 Be7 7. Bd5 O-O 8. Re1
Bc5 9. a4 Bb7 10. Nxe5 Nxe5 11. Bxb7 Nfg4 12. d4 Qh4 13. dxc5 Qxh2+ 14. Kf1
Qh1+ 15. Ke2 Qxg2 16. Rf1 Rab8 17. Bxa6 Nh2 18. Nd2 Nhf3 19. axb5 f5 20. Ra4
Rfe8 21. Nxf3 Nxf3 22. Bf4 fxe4 23. b6 e3 24. Qd5+ Kh8 25. Qxf3 exf2+ 26. Be3 {
blunite resigns} 1-0

[Event "ICS rated blitz match"]
[Site "207.99.5.190"]
[Date "1999.03.07"]
[Round "?"]
[White "blunite"]
[Black "Hossa"]
[Result "1-0"]
[WhiteElo "2243"]
[BlackElo "2499"]
[Annotator "Crafty v16.5"]
[PlyCount "163"]

{annotating for player Hossa using a scoring margin of +0.10 pawns. search
time limit is 20.00} 1. e4 1... e5 2. Nf3 Nc6 3. Bc4 Bc5 4. Nc3 Nf6 5. a3 O-O
6. d3 d6 7. O-O Be6 ({9:-0.50} 7... Be6 8. Bxe6 fxe6 9. Na4 Bb6 10. Ng5 Qe7 11.
c4 Nd4 12. Be3 $14) ({9:-0.12} 7... Bg4 8. Bg5 Nd4 9. Nd5 b5 10. Bb3 Bxf3 11.
gxf3 Nxb3 12. cxb3 Bd4 13. Nxf6+ 13... gxf6 $10) 8. Bg5 Bxc4 9. dxc4 Nb8 ({
10:-0.61} 9... Nb8 10. b4 Bb6 11. a4 a5 12. Bxf6 Qxf6 13. Nd5 Qe6 14. Ng5 Qd7
15. Nxb6 15... cxb6 $14) ({10:-0.46} 9... h6 10. Bxf6 Qxf6 11. Nd5 Qd8 12. b4
Bb6 13. Nxb6 axb6 14. b5 Ne7 15. Qd3 $14) 10. Nd5 Nbd7 11. Nh4 Re8 ({9:-0.55} 
11... Re8 12. b4 Bd4 13. c3 h6 14. Bxf6 Nxf6 15. cxd4 Nxd5 16. cxd5 16... Qxh4
$14) ({9:-0.33} 11... h6 12. Bxf6 Nxf6 13. Nxf6+ Qxf6 14. Nf5 Rae8 15. Rc1 c6
16. b4 Bd4 17. Qd3 $14) 12. Qf3 Re6 13. Nf5 c6 14. Nxf6+ Nxf6 15. Rad1 Qc7 16.
b4 Bb6 17. Nh6+ Kh8 18. Nf5 a5 19. Rd3 axb4 20. axb4 Ra2 21. c3 Qb8 22. Be3
Bxe3 23. Qxe3 Qf8 24. h3 Kg8 25. Rfd1 Ne8 26. Qg5 Rf6 27. R3d2 Ra3 28. Rd3 Kh8
29. c5 dxc5 30. Rd8 Re6 31. Nd6 cxb4 32. Nxe8 Rxe8 33. Rxe8 Qxe8 34. Rd8 Ra8
35. Rxe8+ Rxe8 36. cxb4 Kg8 37. Qf5 Re6 38. Qf3 Re7 39. Qd3 f6 40. g4 Kf7 41.
h4 g6 42. f3 h5 43. g5 fxg5 44. hxg5 Re6 45. Qd7+ Re7 46. Qc8 Kg7 47. Kf2 Kf7
48. Kg3 Kg7 49. Kh4 Rf7 50. Kg3 Re7 51. Qd8 Kf7 52. Qh8 Re6 53. Qh7+ Ke8 54.
Qxb7 Kd8 55. Kh4 Ke8 56. Qc7 Kf8 57. Qd7 Re7 58. Qd6 Kf7 59. Qf6+ Ke8 60. Qxg6+
Kd8 61. Qd6+ Rd7 62. Qxc6 Rd3 63. Qb6+ Ke7 64. Qa7+ Kf8 65. Qb8+ Ke7 66. Qxe5+
Kd8 67. f4 Rd1 68. Kxh5 Rh1+ 69. Kg6 Kd7 70. Qf6 Rf1 71. b5 Rd1 72. b6 Rf1 73.
e5 Rf2 74. f5 Rg2 75. Qd6+ Ke8 76. Qc7 Rb2 77. b7 Rb1 78. b8=Q+ Rxb8 79. Qxb8+
Kd7 80. Qd6+ Ke8 81. Qc7 Kf8 82. Qf7# 1-0

[Event "ICS rated blitz match"]
[Site "207.99.5.190"]
[Date "1999.03.07"]
[Round "?"]
[White "blunite"]
[Black "Hossa"]
[Result "0-1"]
[WhiteElo "2282"]
[BlackElo "2473"]
[PlyCount "60"]

1. e4 c5 2. Nf3 Nf6 3. d4 Nxe4 4. Bd3 d5 5. c4 cxd4 6. O-O Nc6 7. Re1 Nc5 8.
cxd5 Nxd3 9. Qxd3 Qxd5 10. Nc3 Qf5 11. Ne4 e5 12. Qb5 a6 13. Qd5 Be6 14. Nd6+
Bxd6 15. Qxd6 f6 16. b3 Rc8 17. Ba3 Kf7 18. Rad1 Rhd8 19. Qc5 Kg8 20. Qb6 Bd5
21. Nd2 Rd7 22. f3 Qc2 23. Ne4 Bxe4 24. fxe4 Qxa2 25. Bc5 Qa5 26. Re2 Qxb6 27.
Bxb6 Nb4 28. Kf2 Rc3 29. Ba5 Nd3+ 30. Kf1 30... Rxb3 {blunite resigns} 0-1